| 000 | 00614cab a2200205 4500 | ||
|---|---|---|---|
| 001 | ABS41307 | ||
| 008 | 090401t1989 xxu||||| |||| 00| 0 eng d | ||
| 035 | _a(Sirsi) u29494 | ||
| 041 | _aeng | ||
| 100 | _aVan den Bos, J. | ||
| 245 | _aTip-toe past the tulips | ||
| 260 | _c1989 | ||
| 350 | _a0 | ||
| 490 |
_aWorld Property _v3(8) September 1989, 26-31(4) |
||
| 520 | _aRuns through Dutch property investment , particularly by Rodamco , Wereldhave and Maatschappij voor Bedrijfsobjecten, or MBO,outside the Netherlands . | ||
| 650 | _aFOREIGN | ||
| 690 | _aOVERSEAS | ||
| 942 | _n0 | ||
| 948 | _c04/03/1997 | ||
| 999 |
_c19860 _d19860 |
||